Самые страшные ужастики. Вып. 9 (Запись № 1481022)

Подробности
000 -МАРКЕР
контрольное поле 01248nam2a2200277 4500
001 - ИДЕНТИФИКАТОР ЗАПИСИ
контрольное поле RU\NLR\bibl\1164861
005 - ИДЕНТИФИКАТОР ВЕРСИИ
контрольное поле 20250615083745.0
010 ## - МЕЖДУНАРОДНЫЙ СТАНДАРТНЫЙ НОМЕР КНИГИ (ISBN)
Номер (ISBN) 978-5-353-02746-1
Тираж 5000
021 ## - НОМЕР ГОСУДАРСТВЕННОЙ РЕГИСТРАЦИИ
Код страны Российская Федерация
Номер 2007-56967
Номер Листа государственной регистраци 3026
035 ## - ДРУГИЕ СИСТЕМНЫЕ НОМЕРА
Идентификатор записи (NLR Aleph) 001151580
100 ## - ДАННЫЕ ОБЩЕЙ ОБРАБОТКИ
Данные общей обработки 20071207d2007 |||y0rusy50 ca
101 1# - ЯЗЫК РЕСУРСА
Язык текста, звукозаписи и т.д. русский
Язык оригинала английский
102 ## - СТРАНА ПУБЛИКАЦИИ ИЛИ ПРОИЗВОДСТВА
Страна публикации Российская Федерация
105 ## - ПОЛЕ КОДИРОВАННЫХ ДАННЫХ: ТЕКСТОВЫЕ МАТЕРИАЛЫ, МОНОГРАФИЧЕСКИЕ
Кодированные данные о монографическом текстовом документе a |||||||||
200 0# - ЗАГЛАВИЕ И СВЕДЕНИЯ ОБ ОТВЕТСТВЕННОСТИ
Основное заглавие Вып. 9
210 ## - ПУБЛИКАЦИЯ, РАСПРОСТРАНЕНИЕ И ДР.
Дата издания, распространения и т.д. 2007
Место издания, распространения и т.д. Б. м.
215 ## - ФИЗИЧЕСКАЯ ХАРАКТЕРИСТИКА
Специфическое обозначение материала и объем 330, [1] с.
Другие сведения о физической характеристике ил.
327 1# - ПРИМЕЧАНИЯ О СОДЕРЖАНИИ
Текст примечания Содерж.: Маска одержимости; Улица страшных снов; Оборотень из болот
461 #0 - УРОВЕНЬ НАБОРА
Встроенное поле 001RU\NLR\bibl\901879
-- 2001#$aСамые страшные ужастики$e[для среднего школьного возраста]$fР.Л. Стайн$vВып. 9
-- 700#1$3RU\NLR\auth\7723279$aСтайн$bР. Л.$f1943 -$gРоберт Лоуренс$4070
Системный номер (АБИС) связанной записи 1714241
Автор Стайн, Р. Л. (1943 -)
Место публикации Москва
Дата публикации 2005
Первые сведения об ответственности Р. Л. Стайн
Имя издателя, распространителя и т.д. РОСМЭН
Сведения, относящиеся к заглавию [для среднего школьного возраста]
Заглавие Самые страшные ужастики
Номер тома Вып. 9
801 #0 - ИСТОЧНИК ЗАПИСИ
Страна Российская Федерация
Организация NLR
Дата составления 20071207
Правила каталогизации RCR
801 #1 - ИСТОЧНИК ЗАПИСИ
Страна Российская Федерация
Организация NLR
Дата составления 20071207
942 ## - ДОПОЛНИТЕЛЬНЫЕ ЭЛЕМЕНТЫ ЗАПИСИ (АБИС)
Тип экземпляра АБИС Книга
980 ## - КОЛЛЕКЦИЯ
Название коллекции Национальная библиография
Экземпляры
Тип экземпляра Дата поступления Источник поступления Библиотека постоянного хранения Библиотека текущего хранения Место хранения Шифр хранения Штрих-код Статус экземпляра
Книга 07.12.2007 Обязательный экземпляр РНБ (Московский) РНБ (Московский) Русский книжный фонд: издания с 1957 года 2006-3/1471 2566366  
Книга 07.12.2007 Обязательный экземпляр РНБ (Московский) РНБ (Московский) Обменный фонд   2566367